Guía manual de cotizaciones : arregaladas al nuevo sistema métrico decimal para uso de los comerciantes de esta plaza / por Luis Quingles y Enrich arregaladas al nuevo sistema métrico decimal para uso de los comerciantes de esta plaza / por Luis Quingles y Enrich
Descripción Física:
178 p., 1 f. plegat : taules ; 23 cm
Materias:
Pesos i mesures -- Espanya -- S. XIX
MARC
| LEADER | 00000nam a2200000Ia 4500 | ||
|---|---|---|---|
| 001 | 23063 | ||
| 008 | 160829s1872 xx 000 0 cat d | ||
| 080 | |a M-6-387 | ||
| 100 | |a Quingles y Enrich, Luis |9 41388 | ||
| 245 | |a Guía manual de cotizaciones : |b arregaladas al nuevo sistema métrico decimal para uso de los comerciantes de esta plaza / por Luis Quingles y Enrich | ||
| 260 | |a Barcelona : |b Imprenta del Diario de Barcelona, |c 1872 | ||
| 300 | |a 178 p., 1 f. plegat : |b taules ; |c 23 cm | ||
| 590 | |a Prové de la caixeta de Casa de Caritat, any 1881, exp. 2311 | ||
| 650 | |a Pesos i mesures |x Espanya |x S. XIX |9 41396 | ||
| 901 | |a Arxiu | ||
| 942 | |n 1 | ||
| 952 | |0 0 |1 0 |4 0 |6 M6387 |7 1 |9 50189 |a Arxiu |b Arxiu |d 2016-12-01 |l 0 |o M-6-387 |p 23063 |r 2016-12-01 00:00:00 |w 2016-12-01 |y ARXIU | ||
| 999 | |c 54031 |d 54031 | ||